[Event "Edmonton ch reserves"]
[Site "Edmonton CAN"]
[Date "2009.01.22"]
[Round "3"]
[White "Schech, Roland"]
[Black "Razzaq, Ali"]
[Result "0-1"]
[WhiteElo "1664"]
[BlackElo "1851"]
[PlyCount "76"]
[GameId "2160767910273383"]
[EventDate "2009.01.08"]
[EventType "swiss"]
[EventRounds "7"]
[EventCountry "CAN"]
[SourceTitle "EXT 2011"]
[Source "ChessBase"]
[SourceDate "2011.11.26"]
[SourceVersion "1"]
[SourceVersionDate "2011.11.26"]
[SourceQuality "1"]

1. e4 c6 2. Nf3 d5 3. Nc3 dxe4 4. Nxe4 Nd7 5. d4 Ngf6 6. Ng3 e6 7. a3 c5 8. b4 cxb4 9. axb4 Bxb4+ 10. Bd2 Bxd2+ 11. Qxd2 O-O 12. Bd3 b6 13. O-O Bb7 14. Ne5 Nxe5 15. dxe5 Qd5 16. f4 Ng4 17. Qe2 Qd4+ 18. Kh1 Ne3 19. Qf2 Bxg2+ 20. Kg1 Bxf1 21. Rxf1 Nf5 22. Qxd4 Nxd4 23. Rd1 a5 24. Kf2 Rac8 25. Rd2 g6 26. Ne4 Rfd8 27. Ke3 Nf5+ 28. Ke2 a4 29. c3 a3 30. Ra2 Ra8 31. Bb5 Ra5 32. c4 Nd4+ 33. Ke3 Nc2+ 34. Ke2 Nb4 35. Ra1 a2 36. Nd6 Nc2 37. Rc1 a1=Q 38. Rxc2 Ra3 0-1

[Event "Edmonton ch reserves"]
[Site "Edmonton CAN"]
[Date "2009.01.22"]
[Round "3"]
[White "Thompson, Peter"]
[Black "Pavlic, Stephen"]
[Result "1-0"]
[WhiteElo "1794"]
[BlackElo "1398"]
[PlyCount "97"]
[GameId "2160767910273384"]
[EventDate "2009.01.08"]
[EventType "swiss"]
[EventRounds "7"]
[EventCountry "CAN"]
[SourceTitle "EXT 2011"]
[Source "ChessBase"]
[SourceDate "2011.11.26"]
[SourceVersion "1"]
[SourceVersionDate "2011.11.26"]
[SourceQuality "1"]

1. Nf3 d5 2. g3 Nf6 3. Bg2 Nc6 4. d3 Bf5 5. Nh4 Bg4 6. h3 Bd7 7. c4 e6 8. a3 a6 9. b4 b6 10. Bb2 Bd6 11. Nd2 Be5 12. Bxe5 Nxe5 13. O-O c5 14. f4 Nc6 15. bxc5 bxc5 16. Nhf3 O-O 17. Qc2 Rb8 18. cxd5 exd5 19. Qxc5 Qc8 20. Kh2 Re8 21. Rfe1 Ne7 22. Rac1 Qxc5 23. Rxc5 Rec8 24. Rec1 Rxc5 25. Rxc5 Nc6 26. e4 dxe4 27. dxe4 h6 28. e5 Nh7 29. Rd5 Be6 30. Rd6 Rc8 31. g4 g6 32. Bf1 a5 33. Bd3 Nf8 34. Ne4 Nd7 35. Bb5 Ndb8 36. Nf6+ Kg7 37. Bd3 Rd8 38. Rxd8 Nxd8 39. Nd4 Bc8 40. Kg2 Ne6 41. Nxe6+ Bxe6 42. Bb5 Kf8 43. Kf3 Bc8 44. Ke4 Bb7+ 45. Kd4 Bg2 46. h4 Bf3 47. Kc5 Bd1 48. Kb6 a4 49. Kb7 1-0

[Event "Edmonton ch reserves"]
[Site "Edmonton CAN"]
[Date "2009.01.22"]
[Round "3"]
[White "Wihnon, Jason"]
[Black "Kassam, Jamil"]
[Result "0-1"]
[WhiteElo "1735"]
[BlackElo "1221"]
[PlyCount "66"]
[GameId "2160767910273385"]
[EventDate "2009.01.08"]
[EventType "swiss"]
[EventRounds "7"]
[EventCountry "CAN"]

1. e4 e5 2. Nf3 Nc6 3. Bb5 a6 4. Bxc6 dxc6 5. O-O Bd6 6. d4 Bg4 7. dxe5 Bxf3 8. Qxf3 Bxe5 9. Qb3 b6 10. f4 Bd4+ 11. Be3 Nf6 12. Qd3 Bxb2 13. Qc4 c5 14. Nc3 Bxa1 15. Rxa1 O-O 16. h3 Qe7 17. e5 Nd7 18. Qd5 Nf6 19. Qf3 Nd7 20. Nd5 Qd8 21. Rd1 c6 22. Nf6+ gxf6 23. Qg4+ Kh8 24. Rxd7 f5 25. Qxf5 Qh4 26. Bf2 Qh6 27. Rd6 Qg7 28. Bh4 Kg8 29. Bg5 Rac8 30. Bh6 Qg3 31. Rf6 Rcd8 32. Rd6 Rxd6 33. exd6 Re8 0-1

[Event "Edmonton ch reserves"]
[Site "Edmonton CAN"]
[Date "2009.01.22"]
[Round "3"]
[White "Yamach, Ahmet"]
[Black "Seehagen, Terry"]
[Result "1-0"]
[WhiteElo "1915"]
[BlackElo "1700"]
[PlyCount "97"]
[GameId "2160767910273386"]
[EventDate "2009.01.08"]
[EventType "swiss"]
[EventRounds "7"]
[EventCountry "CAN"]
[SourceTitle "EXT 2011"]
[Source "ChessBase"]
[SourceDate "2011.11.26"]
[SourceVersion "1"]
[SourceVersionDate "2011.11.26"]
[SourceQuality "1"]

1. c4 e5 2. Nc3 b6 3. d3 f5 4. Nf3 Nc6 5. g3 Bb4 6. Bg2 Nf6 7. Nxe5 Nxe5 8. Bxa8 c6 9. Bf4 Nf7 10. Qa4 a5 11. a3 Bxc3+ 12. bxc3 O-O 13. Bxc6 dxc6 14. Qxc6 Bd7 15. Qc7 Qe8 16. Kd2 Bc6 17. f3 Qe6 18. Qxb6 Re8 19. Rhe1 g5 20. Be3 Nd7 21. Qa7 Ra8 22. Qd4 Rd8 23. Qa7 Nde5 24. Bd4 Bxf3 25. Rab1 Bh5 26. Rb8 Rxb8 27. Qxb8+ Kg7 28. Qb6 Qe7 29. Qxa5 h6 30. Qb4 Qe8 31. a4 Kh7 32. Qb5 Qe7 33. c5 Nd8 34. Bxe5 Qxe5 35. Qd7+ Nf7 36. c6 f4 37. Qd4 Qe6 38. Qe4+ Qxe4 39. dxe4 fxg3 40. hxg3 Bg4 41. c7 Nd6 42. Kd3 Ne8 43. Rb1 Kg6 44. Rb7 Kf6 45. a5 Ke5 46. a6 Bc8 47. Ke3 Kd6 48. Rb8 Kxc7 49. a7 1-0

[Event "Edmonton ch reserves"]
[Site "Edmonton CAN"]
[Date "2009.01.29"]
[Round "4"]
[White "Amasaib, Magdi"]
[Black "Schech, Roland"]
[Result "1-0"]
[WhiteElo "1840"]
[BlackElo "1664"]
[PlyCount "83"]
[GameId "2160767910273387"]
[EventDate "2009.01.08"]
[EventType "swiss"]
[EventRounds "7"]
[EventCountry "CAN"]
[SourceTitle "EXT 2011"]
[Source "ChessBase"]
[SourceDate "2011.11.26"]
[SourceVersion "1"]
[SourceVersionDate "2011.11.26"]
[SourceQuality "1"]

1. e4 Nf6 2. Nc3 d6 3. d4 Nc6 4. Bb5 a6 5. Ba4 b5 6. Bb3 Na5 7. a3 Nxb3 8. cxb3 b4 9. e5 bxc3 10. exf6 cxb2 11. Bxb2 exf6 12. Ne2 g6 13. O-O Bg7 14. Rc1 O-O 15. Nf4 Bb7 16. Re1 f5 17. f3 Bh6 18. g3 Bg7 19. Rc2 Qd7 20. Qc1 c5 21. d5 Bxb2 22. Qxb2 a5 23. Qf6 Rae8 24. Rce2 Rxe2 25. Rxe2 Re8 26. Rxe8+ Qxe8 27. Kf2 Qe5 28. Qxe5 dxe5 29. d6 Bc6 30. Nd3 e4 31. Nxc5 exf3 32. d7 Bxd7 33. Nxd7 f6 34. Nxf6+ Kg7 35. Nd5 Kf7 36. Kxf3 Ke6 37. Nb6 g5 38. Nc4 a4 39. bxa4 Kd5 40. Ne3+ Kc5 41. Nxf5 h5 42. Ng7 1-0

[Event "Edmonton ch reserves"]
[Site "Edmonton CAN"]
[Date "2009.01.29"]
[Round "4"]
[White "Cote, Brent"]
[Black "Zeggelaar, Mike"]
[Result "0-1"]
[WhiteElo "1538"]
[BlackElo "1841"]
[PlyCount "114"]
[GameId "2160767910273388"]
[EventDate "2009.01.08"]
[EventType "swiss"]
[EventRounds "7"]
[EventCountry "CAN"]

1. e4 e6 2. d4 d5 3. e5 c5 4. c3 Nc6 5. Nf3 Nge7 6. Bb5 Bd7 7. O-O Nxe5 8. Bxd7+ Nxd7 9. Bf4 Ng6 10. Bg3 Be7 11. Ne5 Ngxe5 12. dxe5 b5 13. a3 Qb6 14. Qg4 Rg8 15. Nd2 h6 16. Nf3 Rc8 17. Bf4 g5 18. Be3 Qc7 19. Rfe1 Nxe5 20. Nxe5 Qxe5 21. Bxc5 Qc7 22. Bd4 Kd7 23. Re5 Kc6 24. a4 b4 25. Qe2 Kb7 26. g3 Qc4 27. a5 a6 28. Qh5 Rg6 29. Qd1 Bf6 30. Ra4 Be7 31. Qd2 bxc3 32. Qc2 Bb4 33. bxc3 Qxd4 34. Rxb4+ Qxb4 35. Qxg6 fxg6 36. cxb4 Re8 37. Re1 Kc6 38. Kf1 e5 39. Ke2 g4 40. Kd3 Kb5 41. Kc3 d4+ 42. Kb3 e4 43. Rc1 Re5 44. Re1 d3 45. Kc3 Rd5 46. Rd1 d2 47. Rxd2 Rxd2 48. Kxd2 Kxb4 49. Ke3 Kxa5 50. Kxe4 Kb4 51. Kd3 a5 52. Kc2 Kc4 53. Kb2 Kd3 54. Ka3 Ke2 55. Ka4 Kxf2 56. Kxa5 Kg2 57. Kb5 Kxh2 0-1

[Event "Edmonton ch reserves"]
[Site "Edmonton CAN"]
[Date "2009.01.29"]
[Round "4"]
[White "Dhingra, Mohit"]
[Black "Lynn, Jim"]
[Result "0-1"]
[WhiteElo "1476"]
[BlackElo "1883"]
[PlyCount "100"]
[GameId "2160767910273389"]
[EventDate "2009.01.08"]
[EventType "swiss"]
[EventRounds "7"]
[EventCountry "CAN"]
[SourceTitle "EXT 2011"]
[Source "ChessBase"]
[SourceDate "2011.11.26"]
[SourceVersion "1"]
[SourceVersionDate "2011.11.26"]
[SourceQuality "1"]

1. d4 Nf6 2. Nf3 g6 3. Bg5 Ne4 4. c4 Nxg5 5. Nxg5 d5 6. Nc3 dxc4 7. Qa4+ Nc6 8. Qxc4 e6 9. Nf3 Bg7 10. Rd1 O-O 11. e4 Na5 12. Qd3 b6 13. Qc2 Qe7 14. Be2 Nb7 15. h4 c5 16. h5 cxd4 17. Nxd4 Nc5 18. Nf3 Bb7 19. e5 Rac8 20. h6 Bh8 21. Qb1 Bxf3 22. gxf3 Bxe5 23. Qc1 Qf6 24. Rg1 Bf4 25. Qc2 Bxh6 26. Ne4 Nxe4 27. Qxe4 Qf4 28. Qb7 Rc7 29. Qa6 Qb4+ 30. Kf1 Qxb2 31. Rh1 Bg7 32. Bd3 Bd4 33. Rh2 Rc1 34. Rxc1 Qxc1+ 35. Kg2 Qd2 36. Kh3 Be5 37. Qc4 Qh6+ 38. Qh4 Qxh4+ 39. Kxh4 Bxh2 40. Kg4 h5+ 41. Kh3 Be5 42. a4 Rd8 43. Be4 Rd2 44. Kg2 Bd4 45. a5 Rxf2+ 46. Kg1 Rxf3+ 47. Kg2 Rf4 48. Bf3 Rxf3 49. Kxf3 g5 50. axb6 axb6 0-1

[Event "Edmonton ch reserves"]
[Site "Edmonton CAN"]
[Date "2009.01.29"]
[Round "4"]
[White "Huang, Zhonglin"]
[Black "Johnson, Ron"]
[Result "1-0"]
[WhiteElo "1405"]
[BlackElo "1442"]
[PlyCount "59"]
[GameId "2160767910273390"]
[EventDate "2009.01.08"]
[EventType "swiss"]
[EventRounds "7"]
[EventCountry "CAN"]
[SourceTitle "EXT 2011"]
[Source "ChessBase"]
[SourceDate "2011.11.26"]
[SourceVersion "1"]
[SourceVersionDate "2011.11.26"]
[SourceQuality "1"]

1. d4 Nf6 2. c4 e6 3. Nc3 Bb4 4. Qb3 c5 5. e3 Nc6 6. Nf3 d5 7. Bd2 O-O 8. Bd3 Re8 9. a3 Bxc3 10. bxc3 Na5 11. Qb1 dxc4 12. Bc2 Nb3 13. e4 Nxa1 14. e5 Nxc2+ 15. Qxc2 Nd5 16. Ng5 g6 17. Qe4 Qa5 18. Qh4 h5 19. g4 Ne7 20. gxh5 Nf5 21. Qh3 Ng7 22. hxg6 fxg6 23. Qh7+ Kf8 24. Qh8+ Ke7 25. Qxg7+ Kd8 26. Nxe6+ Bxe6 27. d5 Bf5 28. d6 Bd3 29. Qxb7 Qxa3 30. Bg5+ 1-0

[Event "Edmonton ch reserves"]
[Site "Edmonton CAN"]
[Date "2009.01.29"]
[Round "4"]
[White "Laboucane, Randy"]
[Black "Dean, Tim"]
[Result "0-1"]
[WhiteElo "1926"]
[BlackElo "1935"]
[PlyCount "90"]
[GameId "2160767910273391"]
[EventDate "2009.01.08"]
[EventType "swiss"]
[EventRounds "7"]
[EventCountry "CAN"]
[SourceTitle "EXT 2011"]
[Source "ChessBase"]
[SourceDate "2011.11.26"]
[SourceVersion "1"]
[SourceVersionDate "2011.11.26"]
[SourceQuality "1"]

1. d4 d5 2. Nf3 Nf6 3. Bf4 c5 4. e3 Nc6 5. c3 e6 6. Nbd2 Be7 7. Bd3 b6 8. Ne5 Nxe5 9. dxe5 Nd7 10. Qg4 g6 11. Bb5 g5 12. Bg3 h5 13. Qe2 h4 14. O-O-O Qc7 15. f4 hxg3 16. hxg3 Rxh1 17. Rxh1 a6 18. Rh8+ Bf8 19. Rxf8+ Kxf8 20. Ba4 b5 21. Bc2 Nxe5 22. fxe5 Qxe5 23. Nb3 c4 24. Nd4 Bd7 25. g4 Kg7 26. Nf3 Qf6 27. Ng1 Rh8 28. Nh3 e5 29. Bd1 Qe7 30. Qd2 Be6 31. e4 f6 32. exd5 Rd8 33. Bf3 Rd6 34. Kc2 Qd8 35. Qe3 Bxd5 36. Nf2 Bxf3 37. gxf3 a5 38. Ne4 Rd3 39. Qf2 Rd1 40. Nc5 Rd6 41. Ne4 Qb6 42. Qe1 Rd8 43. Nd2 Qd6 44. Ne4 Qd3+ 45. Kc1 Qxf3 0-1

[Event "Edmonton ch reserves"]
[Site "Edmonton CAN"]
[Date "2009.01.29"]
[Round "4"]
[White "Mendryk, Wayne"]
[Black "Wihnon, Jason"]
[Result "0-1"]
[WhiteElo "1468"]
[BlackElo "1734"]
[PlyCount "28"]
[GameId "2160767910273392"]
[EventDate "2009.01.08"]
[EventType "swiss"]
[EventRounds "7"]
[EventCountry "CAN"]
[SourceTitle "EXT 2011"]
[Source "ChessBase"]
[SourceDate "2011.11.26"]
[SourceVersion "1"]
[SourceVersionDate "2011.11.26"]
[SourceQuality "1"]

1. e4 c5 2. Nf3 d6 3. d4 cxd4 4. Nxd4 Nf6 5. Nc3 g6 6. f3 Bg7 7. Be3 O-O 8. Qd2 Nc6 9. O-O-O Nxd4 10. Bxd4 Be6 11. g4 Qa5 12. Kb1 Rfc8 13. Bb5 Rxc3 14. Bxc3 Qxa2+ 0-1

[Event "Edmonton ch reserves"]
[Site "Edmonton CAN"]
[Date "2009.01.29"]
[Round "4"]
[White "Sponga, George"]
[Black "Yamach, Ahmet"]
[Result "1-0"]
[WhiteElo "1696"]
[BlackElo "1915"]
[PlyCount "104"]
[GameId "2160767910273394"]
[EventDate "2009.01.08"]
[EventType "swiss"]
[EventRounds "7"]
[EventCountry "CAN"]
[SourceTitle "EXT 2011"]
[Source "ChessBase"]
[SourceDate "2011.11.26"]
[SourceVersion "1"]
[SourceVersionDate "2011.11.26"]
[SourceQuality "1"]

1. f4 d5 2. Nf3 g6 3. e3 Bg7 4. c3 e6 5. Be2 Ne7 6. O-O O-O 7. b4 a5 8. b5 a4 9. d4 c6 10. Na3 Bd7 11. Rb1 Qc7 12. Bd2 f6 13. Rb4 c5 14. Rxa4 Rxa4 15. Qxa4 c4 16. Rb1 b6 17. Qb4 Bc8 18. Nc2 Rd8 19. Be1 Bf8 20. Qb2 Bb7 21. Bg3 Nf5 22. Bf2 Nd7 23. g4 Nd6 24. g5 f5 25. a4 Ra8 26. Ra1 Ne4 27. h4 Kf7 28. h5 Be7 29. hxg6+ hxg6 30. Ne5+ Nxe5 31. dxe5 Nc5 32. Nd4 Nxa4 33. Qc1 Nc5 34. Rxa8 Bxa8 35. Kg2 Qc8 36. Qh1 Qg8 37. Qa1 Qb8 38. Bf3 Bb7 39. Be1 Qa8 40. Qb1 Qa4 41. Bf2 Nb3 42. Qh1 Nxd4 43. Qh7+ Ke8 44. Qxg6+ Kd7 45. exd4 Qc2 46. Qf7 Qxc3 47. Bh5 Qb4 48. g6 c3 49. g7 c2 50. Be3 Qb2 51. Qe8+ Kc7 52. Qxe7+ Kb8 1-0

[Event "Edmonton ch reserves"]
[Site "Edmonton CAN"]
[Date "2009.01.29"]
[Round "4"]
[White "Stark, Mark"]
[Black "Thompson, Peter"]
[Result "1-0"]
[WhiteElo "1975"]
[BlackElo "1794"]
[PlyCount "67"]
[GameId "2160767910273395"]
[EventDate "2009.01.08"]
[EventType "swiss"]
[EventRounds "7"]
[EventCountry "CAN"]
[SourceTitle "EXT 2011"]
[Source "ChessBase"]
[SourceDate "2011.11.26"]
[SourceVersion "1"]
[SourceVersionDate "2011.11.26"]
[SourceQuality "1"]

1. d4 Nf6 2. Bg5 Ne4 3. Bf4 d5 4. f3 Nf6 5. e4 dxe4 6. Nc3 exf3 7. Nxf3 Bg4 8. Bc4 e6 9. Qd2 Bb4 10. O-O Ne4 11. Qe3 Bxf3 12. Rxf3 Nxc3 13. bxc3 Bd6 14. Bh6 O-O 15. Bxg7 Kxg7 16. Rh3 Qf6 17. Bd3 h6 18. Rf1 Qg5 19. Qe2 f5 20. Qxe6 Nc6 21. Rff3 Rae8 22. Qb3 f4 23. Qxb7 Ne7 24. c4 Nf5 25. c3 Ne3 26. Bf1 Nxf1 27. Rxf1 f3 28. Rhxf3 Rxf3 29. Qxf3 Qe3+ 30. Qxe3 Rxe3 31. c5 Be7 32. Rb1 Rxc3 33. Rb7 Kf6 34. Rxa7 1-0

[Event "Edmonton ch reserves"]
[Site "Edmonton CAN"]
[Date "2009.02.05"]
[Round "5"]
[White "Amasaib, Magdi"]
[Black "MacLeod, Damon"]
[Result "1-0"]
[WhiteElo "1840"]
[BlackElo "1653"]
[PlyCount "65"]
[GameId "2160767910273396"]
[EventDate "2009.01.08"]
[EventType "swiss"]
[EventRounds "7"]
[EventCountry "CAN"]
[SourceTitle "EXT 2011"]
[Source "ChessBase"]
[SourceDate "2011.11.26"]
[SourceVersion "1"]
[SourceVersionDate "2011.11.26"]
[SourceQuality "1"]

1. e4 e5 2. Nf3 Nc6 3. Bc4 Bc5 4. c3 Nf6 5. d4 exd4 6. cxd4 Bb4+ 7. Bd2 Nxe4 8. Bxb4 Nxb4 9. a3 d5 10. Bb3 Nc6 11. O-O O-O 12. Nc3 Nf6 13. h3 Ne7 14. Ne5 c6 15. Rc1 Bf5 16. Re1 Ng6 17. g4 Be6 18. Nxg6 hxg6 19. Qf3 Qd6 20. Re3 Kh7 21. Rce1 Rh8 22. Bc2 Kg8 23. Bxg6 Kf8 24. Rxe6 fxe6 25. g5 Ke7 26. gxf6+ gxf6 27. Bf5 Rag8+ 28. Kf1 e5 29. dxe5 fxe5 30. Bg4 Qf6 31. Qg3 Kd6 32. Qd3 Rf8 33. Ne4+ 1-0

[Event "Edmonton ch reserves"]
[Site "Edmonton CAN"]
[Date "2009.02.05"]
[Round "5"]
[White "Kassam, Jamil"]
[Black "Seehagen, Terry"]
[Result "0-1"]
[WhiteElo "1278"]
[BlackElo "1727"]
[PlyCount "100"]
[GameId "2160767910273397"]
[EventDate "2009.01.08"]
[EventType "swiss"]
[EventRounds "7"]
[EventCountry "CAN"]
[SourceTitle "EXT 2011"]
[Source "ChessBase"]
[SourceDate "2011.11.26"]
[SourceVersion "1"]
[SourceVersionDate "2011.11.26"]
[SourceQuality "1"]

1. e4 d5 2. exd5 Nf6 3. Nc3 Nxd5 4. Nxd5 Qxd5 5. c4 Qa5 6. b3 Qe5+ 7. Be2 Qxa1 8. Qc2 Bf5 9. Qxf5 Qxc1+ 10. Bd1 Nc6 11. Ne2 Qb2 12. Bc2 e6 13. Qe4 O-O-O 14. O-O Rxd2 15. Bd3 Nb4 16. Nf4 Bd6 17. c5 Bxf4 18. Qxb4 Rxd3 19. Qxf4 Rhd8 20. Qxf7 Rd1 21. Qxe6+ Kb8 22. g3 Qb1 23. Rxd1 Qxd1+ 24. Kg2 Qd5+ 25. Qxd5 Rxd5 26. b4 Rd3 27. h3 Kc8 28. h4 Kd7 29. Kh3 h5 30. Kg2 Kc6 31. a4 Kd5 32. f4 Kc4 33. b5 Kxc5 34. Kf2 Kb4 35. g4 hxg4 36. Kg2 Kc4 37. f5 Kd4 38. f6 gxf6 39. h5 Ke4 40. h6 Kf4 41. h7 Rh3 42. h8=Q Rxh8 43. b6 cxb6 44. a5 Rc8 45. axb6 Rc2+ 46. Kf1 Kf3 47. Ke1 axb6 48. Kd1 Rh2 49. Ke1 g3 50. Kf1 Rh1# 0-1

[Event "Edmonton ch reserves"]
[Site "Edmonton CAN"]
[Date "2009.02.05"]
[Round "5"]
[White "Pavlic, Stephen"]
[Black "Dhingra, Mohit"]
[Result "1-0"]
[WhiteElo "1398"]
[BlackElo "1476"]
[PlyCount "65"]
[GameId "2160767910273398"]
[EventDate "2009.01.08"]
[EventType "swiss"]
[EventRounds "7"]
[EventCountry "CAN"]
[SourceTitle "EXT 2011"]
[Source "ChessBase"]
[SourceDate "2011.11.26"]
[SourceVersion "1"]
[SourceVersionDate "2011.11.26"]
[SourceQuality "1"]

1. e4 b6 2. d4 Ba6 3. Bxa6 Nxa6 4. Nf3 e6 5. c4 c6 6. Nc3 Nc7 7. b3 d5 8. exd5 cxd5 9. O-O Nf6 10. Bg5 Be7 11. Ne5 Ne4 12. Bxe7 Qxe7 13. Nxe4 dxe4 14. Re1 h5 15. Rxe4 h4 16. h3 f5 17. Re3 Qf6 18. d5 O-O 19. Nd7 Qh6 20. Nxf8 Rxf8 21. dxe6 Nxe6 22. Qd7 Rf6 23. Qxa7 f4 24. Rd3 f3 25. Rxf3 Rxf3 26. gxf3 Nf4 27. Qa8+ Kh7 28. Qe4+ Kh8 29. Qf5 Ne2+ 30. Kf1 Ng3+ 31. fxg3 hxg3 32. Rd1 Qh4 33. Qg4 1-0

[Event "Edmonton ch reserves"]
[Site "Edmonton CAN"]
[Date "2009.02.05"]
[Round "5"]
[White "Procyshyn, Jeff"]
[Black "Mendryk, Wayne"]
[Result "1-0"]
[WhiteElo "1426"]
[BlackElo "1468"]
[PlyCount "77"]
[GameId "2160767910273399"]
[EventDate "2009.01.08"]
[EventType "swiss"]
[EventRounds "7"]
[EventCountry "CAN"]
[SourceTitle "EXT 2011"]
[Source "ChessBase"]
[SourceDate "2011.11.26"]
[SourceVersion "1"]
[SourceVersionDate "2011.11.26"]
[SourceQuality "1"]

1. d4 Nf6 2. Bg5 d5 3. Nc3 Bf5 4. f3 Nbd7 5. Qd2 e6 6. g4 Bg6 7. h4 h6 8. Bf4 Nb6 9. O-O-O Bd6 10. Nh3 Nc4 11. Qe1 Bxf4+ 12. Nxf4 Ne3 13. Nxg6 fxg6 14. Rd3 Nxf1 15. Rxf1 Qd7 16. e4 O-O-O 17. e5 Ng8 18. Ne2 Rf8 19. Qa5 a6 20. Qc5 Ne7 21. Qa7 Nc6 22. Qa8+ Nb8 23. Rb3 c6 24. Nc3 b5 25. Na4 Qc7 26. Nc5 Re8 27. Rc3 Qb6 28. Nxa6 Kd7 29. Nc5+ Kc7 30. Ra3 Re7 31. Ra7+ Kd8 32. Nb7+ Kc8 33. Nd6+ Kd8 34. Nf7+ Ke8 35. Rxe7+ Kxe7 36. Nxh8 g5 37. hxg5 hxg5 38. f4 Nd7 39. fxg5 1-0

[Event "Edmonton ch reserves"]
[Site "Edmonton CAN"]
[Date "2009.02.05"]
[Round "5"]
[White "Razzaq, Ali"]
[Black "Dean, Tim"]
[Result "0-1"]
[WhiteElo "1851"]
[BlackElo "1935"]
[PlyCount "86"]
[GameId "2160767910273400"]
[EventDate "2009.01.08"]
[EventType "swiss"]
[EventRounds "7"]
[EventCountry "CAN"]
[SourceTitle "EXT 2011"]
[Source "ChessBase"]
[SourceDate "2011.11.26"]
[SourceVersion "1"]
[SourceVersionDate "2011.11.26"]
[SourceQuality "1"]

1. d4 d5 2. c4 e6 3. Nf3 c6 4. Qc2 Nf6 5. Bg5 Nbd7 6. Nc3 h6 7. Bh4 dxc4 8. a4 Qa5 9. e4 Bb4 10. Nd2 b5 11. Be2 Qb6 12. axb5 cxb5 13. Nf3 Bb7 14. e5 Nd5 15. O-O Bxc3 16. bxc3 O-O 17. Rfe1 Rfc8 18. Nd2 a5 19. Ne4 Nf4 20. Bf1 Bxe4 21. Qxe4 Nd5 22. Rac1 Qc6 23. f4 N5b6 24. Qc2 Nd5 25. g3 N7b6 26. Bg2 b4 27. Be7 b3 28. Qb2 Qb5 29. Ba3 Ra7 30. Re2 Qd7 31. Qd2 Nc7 32. Bc5 Ncd5 33. Bxd5 Nxd5 34. Bxa7 Qxa7 35. Qb2 Qe7 36. Ra1 Ra8 37. Ra4 Qd7 38. Rxc4 a4 39. Qa3 Qb5 40. Qc5 Qxc5 41. dxc5 a3 42. c6 a2 43. Re1 a1=Q 0-1

[Event "Edmonton ch reserves"]
[Site "Edmonton CAN"]
[Date "2009.02.05"]
[Round "5"]
[White "Sequillion, Aaron"]
[Black "Daher, Nayef"]
[Result "1-0"]
[WhiteElo "1963"]
[BlackElo "1616"]
[PlyCount "49"]
[GameId "2160767910273401"]
[EventDate "2009.01.08"]
[EventType "swiss"]
[EventRounds "7"]
[EventCountry "CAN"]
[SourceTitle "EXT 2011"]
[Source "ChessBase"]
[SourceDate "2011.11.26"]
[SourceVersion "1"]
[SourceVersionDate "2011.11.26"]
[SourceQuality "1"]

1. e4 e5 2. Nf3 Nc6 3. Bb5 Nd4 4. Nxd4 exd4 5. O-O c6 6. Bc4 d5 7. exd5 cxd5 8. Re1+ Be7 9. Bb5+ Bd7 10. Qg4 Bxb5 11. Qxg7 Qc7 12. Qxh8 O-O-O 13. Qxd4 Bc5 14. Qg4+ Bd7 15. Qh4 h6 16. d4 Bd6 17. Nc3 Be6 18. Nb5 Qa5 19. Nxd6+ Rxd6 20. Bxh6 Rd8 21. c3 Qb5 22. b3 Qd3 23. Bf4 Re8 24. Bg3 Ne7 25. Qf4 1-0

[Event "Edmonton ch reserves"]
[Site "Edmonton CAN"]
[Date "2009.02.05"]
[Round "5"]
[White "Sponga, George"]
[Black "Stark, Mark"]
[Result "0-1"]
[WhiteElo "1696"]
[BlackElo "1975"]
[PlyCount "100"]
[GameId "2160767910273402"]
[EventDate "2009.01.08"]
[EventType "swiss"]
[EventRounds "7"]
[EventCountry "CAN"]
[SourceTitle "EXT 2011"]
[Source "ChessBase"]
[SourceDate "2011.11.26"]
[SourceVersion "1"]
[SourceVersionDate "2011.11.26"]
[SourceQuality "1"]

1. f4 c5 2. Nf3 d6 3. e3 Nf6 4. Be2 g6 5. O-O Bg7 6. c3 O-O 7. d3 b5 8. Bd2 Qb6 9. Kh1 Bb7 10. Be1 Ng4 11. Qd2 Nc6 12. h3 Nh6 13. Bf2 a5 14. Na3 d5 15. d4 c4 16. Nc2 f5 17. Ng5 Bc8 18. a3 Nd8 19. h4 Ndf7 20. Bf3 Qd6 21. g3 Nxg5 22. hxg5 Nf7 23. Kg2 h6 24. gxh6 Bxh6 25. Rh1 g5 26. Bh5 Bd7 27. Rh2 g4 28. Rah1 Bg7 29. Ne1 Qe6 30. Kg1 Nd6 31. Ng2 Ne4 32. Qc2 Be8 33. Bxe8 Rfxe8 34. Be1 b4 35. Rh5 Qg6 36. Qa4 bxc3 37. bxc3 e6 38. R5h2 Reb8 39. Qc6 Ra7 40. Nh4 Qf7 41. Rc2 Rab7 42. Qa4 Rb1 43. Kg2 Ra1 44. Bf2 Rxh1 45. Kxh1 Bf6 46. Kh2 Kg7 47. Qc6 Rh8 48. Rb2 Nxf2 49. Rxf2 Bxh4 50. gxh4 g3+ 0-1

[Event "Edmonton ch reserves"]
[Site "Edmonton CAN"]
[Date "2009.02.12"]
[Round "6"]
[White "Cote, Brent"]
[Black "Wihnon, Jason"]
[Result "0-1"]
[WhiteElo "1546"]
[BlackElo "1718"]
[PlyCount "74"]
[GameId "2160767910273405"]
[EventDate "2009.01.08"]
[EventType "swiss"]
[EventRounds "7"]
[EventCountry "CAN"]
[SourceTitle "EXT 2011"]
[Source "ChessBase"]
[SourceDate "2011.11.26"]
[SourceVersion "1"]
[SourceVersionDate "2011.11.26"]
[SourceQuality "1"]

1. e4 c5 2. Nf3 d6 3. d4 cxd4 4. Nxd4 Nf6 5. Nc3 g6 6. Bg5 Bg7 7. Be2 O-O 8. O-O Nc6 9. Nb3 Be6 10. Re1 Rc8 11. Qd2 Ne5 12. Bh6 Bc4 13. Bxg7 Kxg7 14. Qe3 Bxe2 15. Rxe2 Nc4 16. Qc1 e6 17. Nd2 Qa5 18. Nxc4 Rxc4 19. Qd2 Qh5 20. Rae1 Qc5 21. e5 dxe5 22. Rxe5 Qc7 23. h3 Rd8 24. Qe3 a6 25. g4 Qc6 26. g5 Nh5 27. Re2 Nf4 28. Qg3 Nxe2+ 29. Rxe2 Rxc3 30. Qe5+ Kg8 31. bxc3 Rd5 32. Qe3 Qc4 33. f4 Qxa2 34. Rd2 Rxd2 35. Qxd2 Qd5 36. Qd4 Qxd4+ 37. cxd4 a5 0-1

[Event "Edmonton ch reserves"]
[Site "Edmonton CAN"]
[Date "2009.02.12"]
[Round "6"]
[White "Daher, Nayef"]
[Black "Kassam, Jamil"]
[Result "1-0"]
[WhiteElo "1616"]
[BlackElo "1308"]
[PlyCount "43"]
[GameId "2160767910273406"]
[EventDate "2009.01.08"]
[EventType "swiss"]
[EventRounds "7"]
[EventCountry "CAN"]
[SourceTitle "EXT 2011"]
[Source "ChessBase"]
[SourceDate "2011.11.26"]
[SourceVersion "1"]
[SourceVersionDate "2011.11.26"]
[SourceQuality "1"]

1. e4 e5 2. Nf3 Nc6 3. Bc4 Nf6 4. Ng5 d5 5. exd5 Na5 6. Bb5+ c6 7. dxc6 bxc6 8. Qf3 Bb7 9. Ba4 Bc5 10. Ne4 Nxe4 11. Qxe4 Qf6 12. O-O Ba6 13. d3 O-O 14. b4 Bd4 15. c3 Rad8 16. bxa5 Bc5 17. Qxc6 Rd6 18. Qxc5 Rc8 19. Qe3 Rxd3 20. Qg5 Qd6 21. Bc2 Rd1 22. Rxd1 1-0